| 000 | 00408pab a2200157 454500 | ||
|---|---|---|---|
| 008 | 180718b2003 xxu||||| |||| 00| 0 eng d | ||
| 100 | _aGupta, Ram Pratap | ||
| 245 | _aRainfall and run-off: changing trends in Gandhi Sagar Dam | ||
| 260 | _c2003 | ||
| 300 | _ap.3457-459. | ||
| 362 | _a16 Aug | ||
| 650 | _aRain | ||
| 700 | _aKawadia, Ganesh | ||
| 773 | _aEconomic and Political Weekly | ||
| 909 | _a57789 | ||
| 999 |
_c57789 _d57789 |
||